[Event "Stay Safe Play From Home 249"]
[Site "Emanuel Lasker Arena"]
[Date "2020.06.23"]
[Round "2"]
[White "Haxhi Baha"]
[Black "Dukic"]
[Result "0-1"]
[WhiteElo "1955"]
[BlackElo "1887"]
[PlyCount "116"]
[EventDate "2020.06.23"]
[EventType "swiss (blitz)"]

1. e4 {[%emt 0:00:05]} c6 {[%emt 0:00:02]} 2. Nf3 {[%emt 0:00:01]} d6 {[%emt 0:00:01]} 3. Nc3 {[%emt 0:00:00]} Bg4 {[%emt 0:00:01]} 4. Bc4 {[%emt 0:00:03]} e6 {[%emt 0:00:01]} 5. h3 {[%emt 0:00:01]} Bh5 {[%emt 0:00:03]} 6. g4 {[%emt 0:00:01]} Bg6 {[%emt 0:00:02]} 7. d3 {[%emt 0:00:00]} d5 {[%emt 0:00:03]} 8. exd5 {[%emt 0:00:02]} exd5 {[%emt 0:00:01]} 9. Bb3 {[%emt 0:00:00]} Bd6 {[%emt 0:00:01]} 10. Bg5 {[%emt 0:00:17]} Qa5 {[%emt 0:00:06]} 11. Qe2+ {[%emt 0:00:03]} Ne7 {[%emt 0:00:03]} 12. Bxe7 {[%emt 0:00:16]} Bxe7 {[%emt 0:00:02]} 13. O-O-O {[%emt 0:00:01]} Kd8 {[%emt 0:00:32]} 14. Rde1 {[%emt 0:00:10]} Bd6 {[%emt 0:00:14]} 15. h4 {[%emt 0:00:11]} h5 {[%emt 0:00:19]} 16. Ng5 {[%emt 0:00:13]} Nd7 {[%emt 0:00:04]} 17. Qf3 {[%emt 0:00:19]} hxg4 {[%emt 0:00:10]} 18. Qxg4 {[%emt 0:00:25]} Nf6 {[%emt 0:00:05]} 19. Ne6+ {[%emt 0:00:21]} Kc8 {[%emt 0:00:38]} 20. Qg2 {[%emt 0:00:10]} Nh5 {[%emt 0:00:20]} 21. Ng5 {[%emt 0:00:12]} Kc7 {[%emt 0:00:04]} 22. Bxd5 {[%emt 0:00:44]} cxd5 {[%emt 0:00:03]} 23. Nxd5+ {[%emt 0:00:00]} Kb8 {[%emt 0:00:04]} 24. Ne7 {[%emt 0:00:14]} Qxa2 {[%emt 0:00:05]} 25. Nxg6 {[%emt 0:00:02]} fxg6 {[%emt 0:00:03]} 26. Nf7 {[%emt 0:00:03]} Qxf7 {[%emt 0:00:05]} 27. Qe4 {[%emt 0:00:03]} Qf4+ {[%emt 0:00:02]} 28. Qxf4 {[%emt 0:00:02]} Bxf4+ {[%emt 0:00:01]} 29. Kb1 {[%emt 0:00:00]} a6 {[%emt 0:00:03]} 30. Rhg1 {[%emt 0:00:00]} Bh6 {[%emt 0:00:18]} 31. Rxg6 {[%emt 0:00:02]} Rf8 {[%emt 0:00:02]} 32. Re5 {[%emt 0:00:01]} Nf4 {[%emt 0:00:03]} 33. Rd6 {[%emt 0:00:03]} Ka7 {[%emt 0:00:04]} 34. Rd7 {[%emt 0:00:01]} Rae8 {[%emt 0:00:07]} 35. Rxe8 {[%emt 0:00:02]} Rxe8 {[%emt 0:00:01]} 36. Ka2 {[%emt 0:00:02]} Re2 {[%emt 0:00:02]} 37. c3 {[%emt 0:00:00]} Rxf2 {[%emt 0:00:03]} 38. Kb3 {[%emt 0:00:01]} Ne2 {[%emt 0:00:09]} 39. d4 {[%emt 0:00:01]} Nc1+ {[%emt 0:00:01]} 40. Ka3 {[%emt 0:00:01]} Nd3 {[%emt 0:00:02]} 41. b4 {[%emt 0:00:01]} Rb2 {[%emt 0:00:02]} 42. d5 {[%emt 0:00:04]} Bc1 {[%emt 0:00:01]} 43. d6 {[%emt 0:00:02]} Rxb4+ {[%emt 0:00:01]} 44. Ka2 {[%emt 0:00:00]} Rb2+ {[%emt 0:00:01]} 45. Ka1 {[%emt 0:00:01]} Rd2 {[%emt 0:00:01]} 46. Rxg7 {[%emt 0:00:02]} Bb2+ {[%emt 0:00:02]} 47. Kb1 {[%emt 0:00:01]} Bxc3 {[%emt 0:00:01]} 48. d7 {[%emt 0:00:00]} Nc5 {[%emt 0:00:01]} 49. Re7 {[%emt 0:00:02]} Nxd7 {[%emt 0:00:01]} 50. h5 {[%emt 0:00:02]} Nc5 {[%emt 0:00:01]} 51. h6 {[%emt 0:00:01]} Rh2 {[%emt 0:00:02]} 52. h7 {[%emt 0:00:01]} Kb6 {[%emt 0:00:02]} 53. Rf7 {[%emt 0:00:02]} Kb5 {[%emt 0:00:01]} 54. Rf3 {[%emt 0:00:01]} Kb4 {[%emt 0:00:01]} 55. Rf7 {[%emt 0:00:05]} Kb3 {[%emt 0:00:01]} 56. Rf1 {[%emt 0:00:04]} a5 {[%emt 0:00:02]} 57. Rg1 {[%emt 0:00:05]} a4 {[%emt 0:00:03]} 58. Kc1 {[%emt 0:00:01]} a3 {[%emt 0:00:01] Haxhi Baha resigns (Lag: Av=0.73s, max=1.5s)} 0-1

[Event "Stay Safe Play From Home 249"]
[Site "Emanuel Lasker Arena"]
[Date "2020.06.23"]
[Round "2"]
[White "Dave_H"]
[Black "Tobo Rubirosa"]
[Result "1-0"]
[WhiteElo "1879"]
[BlackElo "1725"]
[Annotator "NA"]
[PlyCount "41"]
[EventDate "2020.06.23"]
[EventType "swiss (blitz)"]
[WhiteTeam "SK Vellmar"]

{Halt, David (2088)} 1. e4 {[%emt 0:00:04]} c5 {[%emt 0:00:02]} 2. Nc3 {[%emt 0:00:06]} d6 {[%emt 0:00:02]} 3. f4 {[%emt 0:00:02]} Nc6 {[%emt 0:00:02]} 4. Nf3 {[%emt 0:00:01]} g6 {[%emt 0:00:01]} 5. g3 {[%emt 0:00:01]} Bg7 {[%emt 0:00:01]} 6. Bg2 {[%emt 0:00:01]} e6 {[%emt 0:00:01]} 7. O-O {[%emt 0:00:01]} Nge7 {[%emt 0:00:02]} 8. d3 {[%emt 0:00:02]} Nd4 {[%emt 0:00:02]} 9. e5 {[%emt 0:00:01]} dxe5 {[%emt 0:00:05]} 10. Nxe5 {[%emt 0:00:04]} O-O {[%emt 0:00:05]} 11. Ne4 {[%emt 0:00:04]} Nec6 {[%emt 0:00:19]} 12. c3 {[%emt 0:00:11]} Nxe5 {[%emt 0:00:05]} 13. fxe5 {[%emt 0:00:03]} Nc6 {[%emt 0:00:03]} 14. Bf4 {[%emt 0:00:12]} Nxe5 {[%emt 0:00:12]} 15. Nxc5 {[%emt 0:00:09]} Nc6 {[%emt 0:00:19]} 16. Nb3 {[%emt 0:00:15]} b5 {[%emt 0:00:37]} 17. d4 {[%emt 0:00:07]} Bb7 {[%emt 0:00:05]} 18. Nc5 {[%emt 0:00:03]} Qb6 {[%emt 0:00:07]} 19. Nd7 {[%emt 0:00:04]} Qc7 {[%emt 0:00:02]} 20. Nxf8 {[%emt 0:00:02]} Bxf8 {[%emt 0:00:03]} 21. Bxc7 {[%emt 0:00:02] Tobo Rubirosa rinde (Lag: Av=0.79s, max=3.0s)} 1-0

[Event "Stay Safe Play From Home 249"]
[Site "Emanuel Lasker Arena"]
[Date "2020.06.23"]
[Round "2"]
[White "Moontan"]
[Black "Matanant"]
[Result "1-0"]
[WhiteElo "1826"]
[BlackElo "1679"]
[Annotator "NA"]
[PlyCount "147"]
[EventDate "2020.06.23"]
[EventType "swiss (blitz)"]

1. e4 {[%emt 0:00:02]} e5 {[%emt 0:00:01]} 2. Nf3 {[%emt 0:00:02]} d5 {[%emt 0:00:02]} 3. Nxe5 {[%emt 0:00:04]} Bd6 {[%emt 0:00:02]} 4. d4 {[%emt 0:00:03]} dxe4 {[%emt 0:00:01]} 5. Nc4 {[%emt 0:00:01]} Be7 {[%emt 0:00:02]} 6. Ne3 {[%emt 0:00:01]} c6 {[%emt 0:00:05]} 7. Be2 {[%emt 0:00:01]} Be6 {[%emt 0:00:03]} 8. O-O {[%emt 0:00:01]} f5 {[%emt 0:00:01]} 9. Re1 {[%emt 0:00:09]} Nf6 {[%emt 0:00:02]} 10. f4 {[%emt 0:00:05]} O-O {[%emt 0:00:05]} 11. c4 {[%emt 0:00:03]} Nbd7 {[%emt 0:00:03]} 12. Nc3 {[%emt 0:00:01]} g6 {[%emt 0:00:03]} 13. b3 {[%emt 0:00:01]} Nb6 {[%emt 0:00:05]} 14. Bb2 {[%emt 0:00:02]} Qd7 {[%emt 0:00:09]} 15. Qd2 {[%emt 0:00:01]} Rad8 {[%emt 0:00:02]} 16. Rad1 {[%emt 0:00:01]} h5 {[%emt 0:00:10]} 17. a4 {[%emt 0:00:06]} Ng4 {[%emt 0:00:08]} 18. h3 {[%emt 0:00:04]} Nxe3 {[%emt 0:00:04]} 19. Qxe3 {[%emt 0:00:01]} Bh4 {[%emt 0:00:04]} 20. Rf1 {[%emt 0:00:04]} Qe7 {[%emt 0:00:04]} 21. g3 {[%emt 0:00:02]} Bf6 {[%emt 0:00:02]} 22. h4 {[%emt 0:00:01]} Kh7 {[%emt 0:00:15]} 23. Rd2 {[%emt 0:00:04]} Rd7 {[%emt 0:00:06]} 24. Rfd1 {[%emt 0:00:01]} Rfd8 {[%emt 0:00:02]} 25. a5 {[%emt 0:00:03]} Na8 {[%emt 0:00:04]} 26. Na4 {[%emt 0:00:01]} Qg7 {[%emt 0:00:11]} 27. Nc5 {[%emt 0:00:06]} Re7 {[%emt 0:00:02]} 28. Bf1 {[%emt 0:00:09]} Bg8 {[%emt 0:00:02]} 29. Bc3 {[%emt 0:00:03]} Nc7 {[%emt 0:00:02]} 30. Nxb7 {[%emt 0:00:03]} Rb8 {[%emt 0:00:03]} 31. Nc5 {[%emt 0:00:05]} Ne6 {[%emt 0:00:03]} 32. b4 {[%emt 0:00:06]} Nxc5 {[%emt 0:00:02]} 33. bxc5 {[%emt 0:00:10]} Rb3 {[%emt 0:00:01]} 34. Rb2 {[%emt 0:00:13]} Reb7 {[%emt 0:00:01]} 35. Rxb3 {[%emt 0:00:04]} Rxb3 {[%emt 0:00:01]} 36. Qd2 {[%emt 0:00:02]} Qb7 {[%emt 0:00:05]} 37. Kh2 {[%emt 0:00:05]} Ra3 {[%emt 0:00:03]} 38. Qc2 {[%emt 0:00:05]} Qb3 {[%emt 0:00:02]} 39. Qxb3 {[%emt 0:00:04]} Rxb3 {[%emt 0:00:01]} 40. Ba1 {[%emt 0:00:02]} Ra3 {[%emt 0:00:07]} 41. a6 {[%emt 0:00:08]} Rxa6 {[%emt 0:00:04]} 42. Bc3 {[%emt 0:00:07]} Ra3 {[%emt 0:00:01]} 43. Be1 {[%emt 0:00:02]} Ra2+ {[%emt 0:00:02]} 44. Kg1 {[%emt 0:00:02]} a5 {[%emt 0:00:02]} 45. Bf2 {[%emt 0:00:02]} a4 {[%emt 0:00:02]} 46. d5 {[%emt 0:00:01]} Ra3 {[%emt 0:00:11]} 47. d6 {[%emt 0:00:07]} e3 {[%emt 0:00:03]} 48. Be1 {[%emt 0:00:08]} Rb3 {[%emt 0:00:06]} 49. d7 {[%emt 0:00:02]} Bd8 {[%emt 0:00:01]} 50. Ra1 {[%emt 0:00:09]} a3 {[%emt 0:00:01]} 51. Be2 {[%emt 0:00:03]} Kg7 {[%emt 0:00:06]} 52. Kg2 {[%emt 0:00:02]} Kf8 {[%emt 0:00:02]} 53. Kf3 {[%emt 0:00:01]} Ke7 {[%emt 0:00:02]} 54. Rd1 {[%emt 0:00:16]} a2 {[%emt 0:00:02]} 55. Ra1 {[%emt 0:00:06]} Rb2 {[%emt 0:00:01]} 56. Bc3 {[%emt 0:00:01]} Rc2 {[%emt 0:00:03]} 57. Be5 {[%emt 0:00:04]} Kxd7 {[%emt 0:00:01]} 58. Kxe3 {[%emt 0:00:06]} Be7 {[%emt 0:00:03]} 59. Kd3 {[%emt 0:00:06]} Bxc4+ {[%emt 0:00:08]} 60. Kxc2 {[%emt 0:00:02]} Bxe2 {[%emt 0:00:01]} 61. Rxa2 {[%emt 0:00:01]} Bxc5 {[%emt 0:00:01]} 62. Ra8 {[%emt 0:00:03]} Bc4 {[%emt 0:00:04]} 63. Rh8 {[%emt 0:00:04]} Bf7 {[%emt 0:00:02]} 64. Bf6 {[%emt 0:00:04]} Ke6 {[%emt 0:00:01]} 65. Bg5 {[%emt 0:00:02]} Bf2 {[%emt 0:00:01]} 66. Rc8 {[%emt 0:00:05]} c5 {[%emt 0:00:01]} 67. Kc3 {[%emt 0:00:05]} Kd7 {[%emt 0:00:01]} 68. Ra8 {[%emt 0:00:04]} Bxg3 {[%emt 0:00:03]} 69. Ra7+ {[%emt 0:00:02]} Ke6 {[%emt 0:00:01]} 70. Re7+ {[%emt 0:00:06]} Kd5 {[%emt 0:00:01]} 71. Rxf7 {[%emt 0:00:02]} Be1+ {[%emt 0:00:01]} 72. Kc2 {[%emt 0:00:03]} Ke4 {[%emt 0:00:02]} 73. Re7+ {[%emt 0:00:04]} Kf3 {[%emt 0:00:03]} 74. Rxe1 {[%emt 0:00:01] Matanant resigns (Lag: Av=0.75s, max=4.1s)} 1-0

[Event "Stay Safe Play From Home 249"]
[Site "Emanuel Lasker Arena"]
[Date "2020.06.23"]
[Round "2"]
[White "Germanicus G"]
[Black "Timbre"]
[Result "1-0"]
[WhiteElo "1659"]
[BlackElo "1694"]
[Annotator "NA"]
[PlyCount "115"]
[EventDate "2020.06.23"]
[EventType "swiss (blitz)"]

1. Nf3 {[%emt 0:00:11]} d5 {[%emt 0:00:09]} 2. d4 {[%emt 0:00:06]} c6 {[%emt 0:00:01]} 3. e3 {[%emt 0:00:03]} Nf6 {[%emt 0:00:01]} 4. c4 {[%emt 0:00:03]} e6 {[%emt 0:00:02]} 5. Nc3 {[%emt 0:00:04]} Bd6 {[%emt 0:00:02]} 6. Bd3 {[%emt 0:00:02]} Nbd7 {[%emt 0:00:01]} 7. O-O {[%emt 0:00:02]} Qe7 {[%emt 0:00:01]} 8. g3 {[%emt 0:00:02]} e5 {[%emt 0:00:01]} 9. dxe5 {[%emt 0:00:02]} Nxe5 {[%emt 0:00:02]} 10. Nxe5 {[%emt 0:00:10]} Bxe5 {[%emt 0:00:02]} 11. cxd5 {[%emt 0:00:07]} cxd5 {[%emt 0:00:05]} 12. Nxd5 {[%emt 0:00:13]} Nxd5 {[%emt 0:00:07]} 13. Bb5+ {[%emt 0:00:09]} Bd7 {[%emt 0:00:03]} 14. Qxd5 {[%emt 0:00:03]} Bxb5 {[%emt 0:00:07]} 15. Qxb5+ {[%emt 0:00:05]} Kf8 {[%emt 0:00:01]} 16. Rb1 {[%emt 0:00:15]} Bf6 {[%emt 0:00:05]} 17. Bd2 {[%emt 0:00:02]} Kg8 {[%emt 0:00:04]} 18. Bb4 {[%emt 0:00:03]} Qc7 {[%emt 0:00:04]} 19. Rfc1 {[%emt 0:00:22]} Qd8 {[%emt 0:00:10]} 20. Bc3 {[%emt 0:00:10]} Bxc3 {[%emt 0:00:03]} 21. Rxc3 {[%emt 0:00:02]} b6 {[%emt 0:00:01]} 22. Rbc1 {[%emt 0:00:05]} h6 {[%emt 0:00:01]} 23. Qc6 {[%emt 0:00:07]} Kh7 {[%emt 0:00:06]} 24. Qe4+ {[%emt 0:00:15]} g6 {[%emt 0:00:05]} 25. Rc7 {[%emt 0:00:02]} Rf8 {[%emt 0:00:06]} 26. b4 {[%emt 0:00:23]} Qf6 {[%emt 0:00:05]} 27. Qf4 {[%emt 0:00:03]} Qe6 {[%emt 0:00:08]} 28. a4 {[%emt 0:00:05]} a5 {[%emt 0:00:09]} 29. b5 {[%emt 0:00:04]} Rad8 {[%emt 0:00:11]} 30. R1c6 {[%emt 0:00:08]} Qd5 {[%emt 0:00:07]} 31. Rf6 {[%emt 0:00:25]} Qd1+ {[%emt 0:00:09]} 32. Kg2 {[%emt 0:00:02]} Qd5+ {[%emt 0:00:03]} 33. Qf3 {[%emt 0:00:01]} Qxf3+ {[%emt 0:00:18]} 34. Rxf3 {[%emt 0:00:02]} Kg7 {[%emt 0:00:01]} 35. Rb7 {[%emt 0:00:03]} Rd6 {[%emt 0:00:02]} 36. Rf4 {[%emt 0:00:04]} h5 {[%emt 0:00:03]} 37. Rd4 {[%emt 0:00:01]} Rfd8 {[%emt 0:00:02]} 38. Rxd6 {[%emt 0:00:03]} Rxd6 {[%emt 0:00:01]} 39. f4 {[%emt 0:00:01]} Kf6 {[%emt 0:00:02]} 40. e4 {[%emt 0:00:02]} Kg7 {[%emt 0:00:01]} 41. e5 {[%emt 0:00:01]} Re6 {[%emt 0:00:01]} 42. Kf3 {[%emt 0:00:01]} Kh6 {[%emt 0:00:02]} 43. h3 {[%emt 0:00:00]} f6 {[%emt 0:00:01]} 44. g4 {[%emt 0:00:00]} fxe5 {[%emt 0:00:02]} 45. f5 {[%emt 0:00:01]} gxf5 {[%emt 0:00:02]} 46. gxf5 {[%emt 0:00:01]} Rf6 {[%emt 0:00:01]} 47. Ke4 {[%emt 0:00:01]} Kg5 {[%emt 0:00:03]} 48. Kxe5 {[%emt 0:00:01]} Rxf5+ {[%emt 0:00:02]} 49. Kd6 {[%emt 0:00:01]} Rf6+ {[%emt 0:00:02]} 50. Kc7 {[%emt 0:00:01]} Rf7+ {[%emt 0:00:05]} 51. Kxb6 {[%emt 0:00:02]} Rf6+ {[%emt 0:00:01]} 52. Kxa5 {[%emt 0:00:01]} Kh4 {[%emt 0:00:02]} 53. b6 {[%emt 0:00:01]} Kxh3 {[%emt 0:00:01]} 54. Rh7 {[%emt 0:00:02]} Kg4 {[%emt 0:00:01]} 55. b7 {[%emt 0:00:01]} Rf8 {[%emt 0:00:05]} 56. Kb6 {[%emt 0:00:01]} h4 {[%emt 0:00:01]} 57. a5 {[%emt 0:00:01]} Kf5 {[%emt 0:00:01] Timbre resigns} 58. a6 {[%emt 0:00:01] (Lag: Av=0.51s, max=3.9s)} 1-0

[Event "Stay Safe Play From Home 249"]
[Site "Emanuel Lasker Arena"]
[Date "2020.06.23"]
[Round "3"]
[White "SoulofWolf"]
[Black "Dave_H"]
[Result "0-1"]
[WhiteElo "1946"]
[BlackElo "1889"]
[Annotator "TA"]
[PlyCount "206"]
[EventDate "2020.06.23"]
[EventType "swiss (blitz)"]
[BlackTeam "SK Vellmar"]

{[%evp 16,206,9,0,0,-6,14,18,25,-14,10,-11,39,0,0,-12,68,33,44,-67,22,21,77,2,14,-52,-40,-128,-122,-126,-91,-134,-134,-140,-141,-148,-89,-141,-134,-125,-131,-175,-143,-202,-189,-222,-197,-243,1666,-189,-191,-221,-204,-263,-220,-389,-217,-204,-201,-241,0,0,0,-202,-208,-204,0,0,0,0,0,0,0,-245,-243,-356,-346,-460,-453,-409,-216,-203,-211,-212,-194,-981,-973,-912,-852,-1045,-1027,-1011,-1013,-977,-872,-942,-492,-454,0,-751,-495,-1022,-195,-7208,-5909,-3593,-2604,-2232,-1566,-1476,-1432,-1337,0,0,0,0,0,0,0,0,0,-29951,-5073,-29981,-29982,-29982,-29983,-29982,-29981,-29981,-29981,-29982,-29981,-29980,-29969,-1435,0,-29980,-29981,-29981,-29982,-29982,-29948,-12799,-207,-1404,-993,-29984,-29985,-29985,0,-438,0,-29984,-29949,-12799,0,-29984,0,0,0,-29984,0,0,0,-29986,-29986,-29987,-29984,-29985,-29959,-1859,0,0,0,0,0,0,0,-29985,-11,-29991,-29992,-29998,-29999,-29999,-29992,-29992,-29992,-29992,-29993,-29993,-29994]} 1. c4 f5 2. Nf3 Nf6 3. Nc3 d6 4. g3 e5 5. d4 e4 6. Ng5 h6 7. Nh3 g5 8. Bg2 Bg7 9. f3 exf3 {A21: English Opening: 1...e5 2 Nc3.} 10. exf3 O-O 11. O-O c6 {The position is equal.} 12. b3 {[#]} Re8 $146 ({Predecessor:} 12... d5 13. Ba3 Re8 14. Qd3 Be6 15. Rfe1 Qd7 16. Nf2 Na6 17. Rad1 Rad8 18. c5 Qf7 {0-1 (28) Bersoult,F (2175)-Radulov,D Maromme 1994}) 13. Rb1 {[%cal Ba1b1,Bb1b2,Bb2e2][%mdl 32]} Nbd7 14. Rb2 Nf8 15. Re2 Ne6 (15... Be6 $11) 16. Rfe1 Bd7 17. Ba3 (17. Bb2 $14) 17... Qc7 (17... Qb6 $15 18. Nf2 Nxd4) 18. d5 Nc5 (18... Nd4 $1 $11 {keeps the balance.} 19. Re7 (19. Qxd4 Nxd5 {[%mdl 64] Pin} 20. Qd3 Nxc3 $11) 19... c5) 19. Bxc5 (19. b4 $16 Na6 20. Nf2) 19... dxc5 $11 20. d6 (20. Qd3 $11) 20... Qa5 21. Qc2 (21. Na4 $1 $15) 21... Rxe2 $17 22. Rxe2 Re8 23. Rxe8+ Nxe8 24. Ne2 Nxd6 25. Bf1 Bd4+ ({Black should play} 25... Qc7 26. f4 g4) 26. Nf2 {[#]} (26. Nxd4 $142 cxd4 27. Qe2) 26... Qe1 $1 27. Nxd4 cxd4 28. c5 Nf7 29. Kg2 (29. Qe2 $17 Qxe2 30. Bxe2) 29... Ne5 $19 30. Bc4+ Kg7 31. Nd3 g4 $4 {[%mdl 8192]} (31... Nxd3 $19 32. Qxd3 Qe5) 32. Nxe5 $4 {[%mdl 8192]} (32. Nxe1 $18 {is the narrow road to win.} b6 33. f4 Nxc4 34. Qxc4 bxc5 35. Qxc5) 32... Qxe5 33. Be2 Be6 34. fxg4 fxg4 35. Qd2 $2 (35. Kf1 {might work better.}) 35... Bd5+ (35... Qe3 $142 36. Qxe3 dxe3) 36. Kf2 Qe4 37. Ke1 Qh1+ $2 (37... Kg6 $19 38. Qd3 Qxd3 39. Bxd3+ Kf6) 38. Bf1 $11 Qe4+ 39. Kf2 $2 (39. Be2 $1 $11) 39... Qf3+ $19 40. Ke1 b6 $2 (40... Qc3 $1 $19 41. Qxc3 dxc3) 41. Qxd4+ $11 Kg8 42. Bc4 {Threatens to win with Bxd5+.} Qh1+ 43. Kd2 Qxh2+ {[%mdl 64] Double Attack} 44. Kc3 $2 (44. Kd1 $11 {and White is okay.}) 44... Qxg3+ $19 45. Kb2 (45. Kd2 {was the only defense.} Qg2+ 46. Be2) 45... Qg2+ 46. Ka3 {With the idea Bxd5+.} bxc5 47. Qxc5 Bxc4 (47... Qd2 $142 {Strongly threatening ...g3.} 48. Qd6 Qg5) 48. Qxc4+ {[%mdl 4096] Endgame KQ-KQ} Kg7 49. Qd4+ Kg6 50. Qxa7 $2 (50. Qd6+ Kf5 51. Qd7+ Ke5 52. Qe7+ Kd4 53. Qd6+ Ke3 54. Qc5+ Kf4 55. Qd6+ Kf5 56. Qd7+ Ke5 57. Qe7+ Kd4 58. Qd6+ Ke3 59. Qc5+ Kf4 60. Qf8+ Ke4 61. Qd6 Kf5) 50... Qd5 51. Qe3 h5 52. Qf4 Qf5 53. Qd6+ Qf6 54. Qd3+ Kg7 55. Qd7+ Qf7 56. Qd4+ Qf6 (56... Kg8 $142 57. Qe4 Qf6) 57. Qd7+ $1 Kh6 58. b4 (58. Qd2+ $142 Kg7 59. Qd3) 58... g3 $2 (58... Qf3+ 59. Ka4 g3 60. Qd2+ Kg6 61. Qd6+ Kg5 62. Qe7+ Kg4 63. Qd7+ Kh4 64. Qd8+ Kh3 65. Qd7+ Kh2) 59. Ka4 $2 (59. Qd2+ Qg5 60. Qd6+ Kh7 61. Qd7+ Kg6 62. Qxc6+ Qf6 63. b5) 59... g2 60. Qd2+ Qg5 61. Qd6+ Qg6 62. Qd2+ Kh7 63. Qd7+ Qg7 $2 (63... Kh8 $19 64. Qd8+ Kh7 65. Qd7+ Kh6 66. Qd2+ Qg5 67. Qd6+ Kg7 68. Qd7+ Kf8 69. Qc8+ Kf7 70. Qd7+ Qe7 71. Qf5+ Kg7) 64. Qd3+ $1 $11 Kg8 (64... Qg6 65. Qd7+ Kh6 66. Qd2+ Qg5 67. Qd6+ Kh7 68. Qd7+ Kh8 69. Qe8+ Kg7 70. Qd7+ Kf8 71. Qd6+ Kf7 72. Qd7+ Qe7 73. Qd4 $19) 65. Qd8+ Kf7 (65... Kh7 $2 66. Qd3+ Qg6 67. Qd7+ Kh6 68. Qd2+ Qg5 69. Qd6+ Qg6 70. Qd2+ $19) 66. Qd7+ Kg6 (66... Kg8 $5 67. Qe8+ $8 {[%mdl 64] Double Attack} Kh7 68. Qxh5+ Kg8 69. Qe8+ {[%mdl 64] Double Attack} Qf8 70. Qg6+ {[%mdl 64] Double Attack} Qg7 71. Qe8+ Qf8 72. Qg6+ {[%mdl 64] Double Attack} Qg7 73. Qe8+ $11) 67. Qxc6+ Kf5 68. Qd5+ $2 {[%mdl 8192]} (68. Qc2+ $11 Kf4 69. Qf2+ Ke4 70. Qe2+ {[%mdl 64] Double Attack} Kf5 71. Qf3+ Ke6 72. Qc6+ Kf7 73. Qf3+ Kg8 74. Qd5+ Kh8 75. Qxh5+ Qh7 76. Qe5+ Qg7 77. Qh2+ Kg8 78. Qb8+ Kh7 79. Qh2+ Kg8 80. Qb8+ Kh7 81. Qh2+ Kg8) 68... Kf4 69. Qc4+ Kg3 70. Qd3+ Kh2 71. Qe2 Qa7+ 72. Kb5 Qd7+ 73. Ka5 Qg4 74. Qe5+ Kh3 75. Qe3+ Kh2 (75... Qg3 $19 76. Qg1 Qa3+ 77. Kb6 Qxb4+ 78. Kc6 h4) 76. Qe5+ $1 Kh1 77. Qd5 h4 78. b5 h3 79. b6 Qc8 $2 (79... Qg3 {Hoping for ...Kh2.} 80. b7 Kh2) 80. Kb5 $2 (80. a4) 80... Qb8 $19 81. a4 Kh2 82. Qd2 Kh1 (82... Qe8+ $142 83. Ka5 Qh5+ 84. Ka6 Kh1 85. Qc3 g1=Q 86. Qc6+ Qg2 87. Qc1+ Kh2 88. Qf4+ Kg1 89. Qe3+ Qf2 90. Qc1+ Qf1+ 91. Qxf1+ Kxf1 92. b7 Qe5 93. a5 Qb8 94. Kb6 h2 95. Kc5 h1=Q 96. Kc4 Qbxb7 97. Kc3 Qhf3+ 98. Kc2 Qbb3+ 99. Kd2 Qf4#) 83. Qd5 Kh2 (83... Qg3 $19 84. Ka6 Kh2) 84. Qd2 Qe5+ 85. Ka6 Qb8 $2 (85... Qe6 $19 86. Qf4+ Kh1) 86. a5 $2 {[%mdl 8192]} (86. Kb5 $11 Qe8+ 87. Kb4) 86... Kh1 87. Qd5 Kh2 88. Qd2 {[#] intending b7.} Kh1 $2 (88... Qa8+ $1 89. Kb5 Qf3 90. Ka6 Kh1 91. Qd8 g1=Q 92. Ka7 Qf7+ 93. Kb8 Qg3+ 94. Qc7 Kg2 95. Kb7 Qgxc7+ 96. bxc7 h2 97. Kb6 Qe6+ 98. Kc5 h1=Q 99. c8=Q Qxc8+ 100. Kd4 Qh4+ 101. Ke5 Qc5+ {[%mdl 64] Double Attack} 102. Ke6 Qhe7#) 89. Qd5 $11 Kh2 90. Qa2 $2 {[%mdl 8192]} (90. Qd2 $11) 90... Qa8+ 91. Kb5 Qe8+ 92. Kc5 Kh1 93. Qd5 Qc8+ $2 ({Black should try} 93... Qb8 $19 94. Qf3 Kh2) 94. Kb5 Kh2 (94... Qe8+ $2 95. Ka6 $19) 95. Qd6+ Kh1 96. Qd5 Kh2 (96... Qe8+ $2 97. Ka6 $19) 97. b7 $2 {[%mdl 8192] [#]} (97. Qd6+ $11 Kh1 98. Qd5) 97... Qc7 $2 (97... Qb8 $1 {[%mdl 512] mates} 98. Qd2 Qxb7+ 99. Ka4 Kh1 100. Qd3 Qc6+ 101. Qb5 Qe4+ 102. Qb4 Qxb4+ 103. Kxb4 g1=Q 104. Ka3 Kg2 105. Kb3 h2 106. Kc4 h1=Q 107. Kd5 Qh5+ 108. Kd6 Qgc5+ {[%mdl 64] Double Attack} 109. Kd7 Qf7+ 110. Kd8 Qcf8#) 98. a6 $2 {[%mdl 8192]} (98. Ka6 $11) 98... g1=Q {Black mates.} 99. Qb3 Qgb6+ 100. Ka4 Qxb3+ 101. Kxb3 Qb6+ 102. Ka4 Qxa6+ 103. Kb4 Qxb7+ {Quite a comeback for Black. Accuracy: White = 42%, Black = 60%.} 0-1

[Event "Stay Safe Play From Home 249"]
[Site "Emanuel Lasker Arena"]
[Date "2020.06.23"]
[Round "3"]
[White "Haxhi Baha"]
[Black "Lazieri3"]
[Result "1-0"]
[WhiteElo "1934"]
[BlackElo "2121"]
[Annotator "TA"]
[PlyCount "109"]
[EventDate "2020.06.23"]
[EventType "swiss (blitz)"]

{[%evp 9,109,10,33,32,29,27,37,13,3,0,39,39,36,22,27,0,42,41,38,47,410,416,450,206,358,262,285,252,249,239,253,254,241,235,255,234,238,223,239,226,229,206,294,294,291,283,612,605,605,605,708,411,1014,1002,1106,1084,1362,1190,2781,2726,29978,29979,29979,29980,29980,29981,29981,29982,29982,29980,29986,29987,29987,29988,29988,29989,29992,29989,29989,29988,29996,29989,29989,29990,29990,29991,29991,29992,29993,29991,29991,29986,29986,29987,29987,29988,29988,29987,29988,29989,29988,29988]} 1. e4 d5 2. exd5 Qxd5 3. Nc3 Qd8 4. Bc4 Nf6 5. h3 Bf5 6. Nf3 {B01: Scandinavian Defence.} e6 7. d4 Nc6 8. Be3 {White is slightly better.} h6 {[#]} 9. Bb3 $146 ({Predecessor:} 9. a3 a6 10. Nh4 Be4 11. Nxe4 Nxe4 12. Nf3 Nf6 13. Bb3 Bd6 14. Rc1 Rb8 15. O-O {0-1 (71) Vu Thi Dieu,U-Huynh,T Hue 2009}) 9... Nd5 10. Nxd5 exd5 11. Qe2 Be7 12. O-O-O Qd7 13. Ne5 Nxe5 14. dxe5 Qc6 $2 {[%mdl 8192] [#] This move loses the game for Black.} ({Black should try} 14... c6 $14) 15. Bxd5 $18 Qa4 16. Bb3 (16. Rd4 $142 Qa5 17. Qf3 (17. Bxb7 Rb8 $18)) 16... Qa5 $2 (16... Qc6 17. Bd5 (17. Qh5 Be6 $16) 17... Qa4) 17. f4 ({Weaker is} 17. Qh5 Bg6 $18) 17... Rd8 18. g4 Be6 19. Bxe6 fxe6 20. Rxd8+ Kxd8 21. Qc4 Qa6 22. Qxa6 bxa6 {[%mdl 4096] Endgame KRB-KRB} 23. Rd1+ Kc8 24. Bxa7 h5 25. g5 Rf8 (25... c5 {was called for.} 26. Rd3 Rf8) 26. Be3 g6 27. Rd3 Rd8 $2 (27... Kb7 28. b4 Rc8) 28. Rxd8+ Kxd8 {KB-KB} 29. Kd2 Kd7 30. Kd3 Kc6 (30... Bb4 $142 31. c3 Be7) 31. Kc4 Bf8 32. b4 Be7 33. a4 {[%cal Ba2a4,Ba4b5][%mdl 32]} Bf8 34. b5+ axb5+ 35. axb5+ {White mates.} Kd7 36. Bc5 Bg7 37. Kb4 Kc8 38. Ka5 Kb7 39. c4 Ka8 40. Be7 Ka7 41. c5 Kb7 42. c6+ Ka7 43. Bc5+ Kb8 44. Ka6 Ka8 45. Be7 Kb8 46. b6 cxb6 47. Kxb6 Kc8 48. c7 Bh8 49. Kc6 Bg7 50. Kd6 h4 51. Kxe6 Kxc7 52. Kf7 {[%mdl 64] [#] Double Attack} Bh8 53. Bf8 Kc6 54. Kxg6 Kd5 55. Bg7 {Accuracy: White = 82%, Black = 52%.} 1-0